Du commerce et des progrès de la puissance commerciale de l'Angleterre et de la France (Record no. 167742)
[ view plain ]
| 000 -LEADER | |
|---|---|
| campo de control de longitud fija | 00943nam a2200217 i 4500 |
| 001 - NÚMERO DE CONTROL | |
| campo de control | 167742 |
| 003 - IDENTIFICADOR DE NÚMERO DE CONTROL | |
| campo de control | ES-MaACL |
| 005 - FECHA Y HORA DE LA ÚLTIMA TRANSACCIÓN | |
| campo de control | 20230906213603.0 |
| 008 - DATOS DE LONGITUD FIJA--INFORMACIÓN GENERAL | |
| campo de control de longitud fija | 050928m18641867fr |||| | fre d |
| 100 1# - ENTRADA PRINCIPAL--NOMBRE DE PERSONA | |
| Nombre de persona | Vogel, Charles. |
| 9 (RLIN) | 133818 |
| 245 10 - MENCIÓN DEL TÍTULO | |
| Título | Du commerce et des progrès de la puissance commerciale de l'Angleterre et de la France |
| Resto del título | : au point de vue de l'histoire, de la législation et la statistique d'après les sources et données officielles ... / |
| Mención de responsabilidad, etc. | par Charles Vogel. |
| 260 ## - PUBLICACIÓN, DISTRIBUCIÓN, ETC. | |
| Lugar de publicación, distribución, etc. | Paris ; |
| -- | Strasbourg : |
| Nombre del editor, distribuidor, etc. | Veuve Berger Levrault et Fils, |
| Fecha de publicación, distribución, etc. | 1864. |
| 300 ## - DESCRIPCIÓN FÍSICA | |
| Extensión | 2 v. ; |
| Dimensiones | 24 cm. |
| 500 ## - NOTA GENERAL | |
| Nota general | Descripción completada con BN-Opale plus. |
| 597 ## - NOTA DE DESCRIPCIÓN FÍSICA | |
| NOTA DE DESCRIPCIÓN FÍSICA | T. I. 563 p. |
| 650 #4 - PUNTO DE ACCESO ADICIONAL DE MATERIA--TÉRMINO DE MATERIA | |
| Término de materia o nombre geográfico como elemento de entrada | Comercio- |
| Subdivisión geográfica | Inglaterra. |
| 9 (RLIN) | 166837 |
| 650 #4 - PUNTO DE ACCESO ADICIONAL DE MATERIA--TÉRMINO DE MATERIA | |
| Término de materia o nombre geográfico como elemento de entrada | Comercio- |
| Subdivisión geográfica | Francia. |
| 9 (RLIN) | 160092 |
| 700 1# - ENTRADA AGREGADA--NOMBRE PERSONAL | |
| Nombre de persona | Berger Levrault, Veuve et Fils. |
| 9 (RLIN) | 125932 |
| 752 ## - ENTRADA AGREGADA--NOMBRE JERÁRQUICO DEL LUGAR | |
| País o entidad superior | Francia - |
| Ciudad | Estrasburgo |
| 852 ## - LOCALIZACIÓN | |
| Ubicación | ES-MaACL |
| Número de control de estantería | F-10699 |
| Nota libre | - Enc. pasta española |
| condición física | - Contiene únicamente T. I |
| Estatus retirado | Estado de pérdida | Estado de daño | No para préstamo | Colección | Biblioteca de origen | Biblioteca actual | Ubicación en estantería | Fecha de adquisición | Fuente de adquisición | Total de préstamos | Signatura topográfica completa | Código de barras | Visto por última vez | Precio de reemplazo | Tipo de ítem Koha |
|---|---|---|---|---|---|---|---|---|---|---|---|---|---|---|---|
| Libros del s. XIX | Biblioteca del Ateneo de Madrid | Biblioteca del Ateneo de Madrid | Sala Pecera Planta 2 | 17/01/2008 | F-10699 | 1175978 | 23/02/2023 | 23/02/2023 | Libro impreso antiguo |
